| 000 | 00394nam a2200157Ia 4500 | ||
|---|---|---|---|
| 008 | 151213s9999 xx 000 0 und d | ||
| 100 | _aA.V.Diccy | ||
| 245 |
_aLaw of Constitution _cA.V.Diccy |
||
| 250 | _a2nd | ||
| 260 |
_aNew Delhi _bMacmellan Universal Law Publishing Co.Pvt.Ltd. _c1998 |
||
| 300 | _a3326 p. | ||
| 650 | _aLaw | ||
| 650 | _aLaw | ||
| 700 | _aA.V.Diccy | ||
| 999 |
_c2260 _d2260 |
||